LEADER 01577aam 2200421I 450 001 9910711214103321 005 20151113033704.0 024 8 $aGOVPUB-C13-0b5231e05b55c0b40d8e3e6b927e21a5 035 $a(CKB)5470000002481884 035 $a(OCoLC)929067205 035 $a(EXLCZ)995470000002481884 100 $a20151113d1987 ua 0 101 0 $aeng 181 $2rdacontent 182 $2rdamedia 183 $2rdacarrier 200 10$aNO? Heterodyne frequency measurements with a tunable diode laser, a CO laser transfer oscillator, and CO? laser standards /$fL. R. Zink 210 1$aGaithersburg, MD :$cU.S. Dept. of Commerce, National Institute of Standards and Technology,$d1987. 215 $a1 online resource 225 1 $aNBS technical note ;$v1308 300 $a1987. 300 $aContributed record: Metadata reviewed, not verified. Some fields updated by batch processes. 300 $aTitle from PDF title page. 320 $aIncludes bibliographical references. 606 $aHeterodyning (Electronics) 606 $aNitrogen dioxide$xSpectra 615 0$aHeterodyning (Electronics) 615 0$aNitrogen dioxide$xSpectra. 700 $aZink$b L. R$01411766 701 $aZink$b L. R$01411766 712 02$aUnited States.$bNational Bureau of Standards. 801 0$bNBS 801 1$bNBS 801 2$bGPO 906 $aBOOK 912 $a9910711214103321 996 $aNO? Heterodyne frequency measurements with a tunable diode laser, a CO laser transfer oscillator, and CO? laser standards$93503710 997 $aUNINA LEADER 00687nas 2200241zu 450 001 9911069418503321 005 20260312144850.0 035 $a(CKB)45725102200041 035 $a(EXLCZ)9945725102200041 100 $a20260312cuuuuuuuu || | 101 0 $aeng 135 $aur||||||||||| 200 00$aGeopolitic and Geostrategic Intelligence 210 $aMorocco: $cEcole Nationale de Commerce et de Gestion (ENCG) 311 08$a2605-6496 610 0$ageopolitics 610 0$ageostrategy 610 0$aregional power 610 0$acorporate strategies 906 $aJOURNAL 912 $a9911069418503321 996 $aGeopolitic and Geostrategic Intelligence$94551891 997 $aUNINA